00537nam a2200157 a 4500008004100000020001800041050001600059100002200075245011000097250001200207260005100219300004100270650001200311650003700323700001900360130326s2010 ||||||||||||||||| || u a9781439048757 aQC 21.2 Jew aSerway, Raymond A10aPhysics for scientists and engineers with modern physics. (8th ed.)cby John W. Jewett; Raymond A. Serway a8th ed. aAustralia:bBrooks/Cole Cengage Learningc2010 axxxii, 1440p. various pagings.: ill. 0aPHYSICS aPHYSICS--HANDBOOKS, MANUALS, ETC aJewett, John W